|
|
|
|
| LEADER |
00000cam a2200000 7i4500 |
| 001 |
0000003576 |
| 002 |
000003849 |
| 005 |
20000330.0 |
| 020 |
|
|
|a 9679928373
|
| 090 |
0 |
0 |
|a 339.46
|b OVE
|
| 245 |
0 |
0 |
|a Over coming poverty through credit :
|b the Asian experience in replicating the Grameen Bank Approach
|c edited by I.P Getubig,M.Yaakub Johari and Angela M.Kuga Thas
|
| 260 |
|
|
|a Kuala Lumpur :
|b Asian and Pacific Development Centre ,
|c 1993
|
| 300 |
|
|
|a 319p. :
|b ill. 22CM
|
| 650 |
0 |
0 |
|a Poverty
|z Asia
|
| 650 |
0 |
0 |
|a Social sciences
|
| 700 |
0 |
|
|a M. Yaakub Johari
|
| 700 |
1 |
|
|a Getubing, I.P
|
| 700 |
1 |
|
|a Kuga Thas, Angela M
|
| 999 |
|
|
|a 037092
|b BUKU
|c PINJAMAN
|e PERPUSTAKAAN KOMUNITI PETALING JAYA
|